[Event "Mechanics' Winter TNM; 30/90, SD/30"]
[Site "San Francisco"]
[Date "2012.01.31"]
[Round "5.2"]
[White "Fuentes, Romulo"]
[Black "Winslow, Elliott"]
[Result "0-1"]
[WhiteElo "2211"]
[BlackElo "2421"]
[PlyCount "96"]
[EventDate "2012.??.??"]

1. e4 c5 2. Nf3 d6 3. d4 cxd4 4. Qxd4 a6 5. Be3 Nc6 6. Qd2 Nf6 7. Nc3 Bg4 8. h3
Bxf3 9. gxf3 Rc8 10. O-O-O g6 11. Nd5 Bg7 12. Bh6 Qd7 13. h4 O-O 14. Bh3 e6 15.
Nxf6+ Bxf6 16. h5 Ne5 17. hxg6 hxg6 18. Bg4 Qc6 19. Bg5 Nxg4 20. Bxf6 Nxf6 21.
c3 Qb5 22. Qh6 Nh5 23. f4 Rc5 24. f5 Rxf5 25. exf5 Qxf5 26. Rxd6 b5 27. Rd4 Rc8
28. Rhd1 Qf6 29. Kb1 e5 30. Rd6 Qh4 31. Qe3 Qf4 32. Qxf4 exf4 33. Rxa6 Re8 34.
Rd2 Kg7 35. Ra5 Nf6 36. Rxb5 Ne4 37. Rd4 f3 38. Rd3 g5 39. Kc2 g4 40. Re3 Kg6
41. a4 f5 42. Rb4 Kg5 43. Rd4 Rh8 44. a5 Rh2 45. Rdxe4 fxe4 46. a6 Rxf2+ 47.
Kb3 Rh2 48. Rxe4 f2 0-1

[Event "Mechanics' Spring TNM; 30/90, SD/30"]
[Site "San Francisco"]
[Date "2012.04.10"]
[Round "5.1"]
[White "Fuentes, Romulo"]
[Black "Winslow, Elliott"]
[Result "1-0"]
[WhiteElo "2205"]
[BlackElo "2380"]
[Annotator "Donaldson"]
[PlyCount "69"]
[EventDate "2012.??.??"]

1. e4 c5 2. Nf3 d6 3. d4 cxd4 4. Nxd4 Nf6 5. Nc3 a6 6. Bg5 e6 7. f4 Be7 8. Qf3
h6 9. Bh4 Qc7 10. O-O-O Nbd7 {This variation was popular in the 1970s but
Black suffered some serious setbacks. One famous example is Grefe-Browne, 1973
US (ch) where White won a brillancy prize game.} 11. Be2 $1 Rg8 {
Diagram # This is relatively best.} (11... Rb8) (11... b5 {and}) (11... g5 {
have all been found wanting.}) 12. Rhf1 ({More commomnly seen are} 12. Bg3 {and
}) (12. Qg3 {The latter was used to good effect by Mechanics' Institute
Trustee Vince McCambridge in his minature against American IM Larry D. Evans:}
g5 (12... Nf8) 13. fxg5 Ne5 14. Kb1 Bd7 15. Nf3 hxg5 16. Bxg5 Rc8 17. Nxe5 Nxe4
18. Nxe4 Qxc2+ 19. Ka1 Qxe4 20. Nxf7 {
1-0 McCambridge-Evans,L.D., Copenhagen 1981.}) 12... g5 13. fxg5 (13. Bg3 $1 {
is not typical for this variation but works well here. For example:} gxf4 14.
Qxf4 e5 {(otherwise White has a huge lead in development).} 15. Nd5 Qc5 16. Qf2
exd4 17. b4 Qa7 (17... Qc6 18. Rxd4 Bd8 19. Rc4 Qa4 20. Kb2) 18. Nxe7 Kxe7 19.
e5) 13... Ne5 14. Qf2 hxg5 15. Bg3 Bd7 16. Nf3 b5 17. Nxe5 dxe5 18. a3 (18. Rd5
{is a flashy computer move but doesn't lead anywhere:} exd5 19. Nxd5 Qd6 20.
Nxf6+ Bxf6 21. Qxf6 Qxf6 22. Rxf6 $11) 18... Rc8 19. Rd3 Rg7 (19... Rg6 {
was another way of fortifying Black's position. Elliott protects f7 so he has
the possibility of moving his knight.}) 20. Kb1 Bc6 21. Qe3 Nd7 (21... b4 22.
axb4 Rb8 {was more active but also loosens Black's position. The text is quite
reasonable.}) 22. Bh5 Nf6 23. Be2 Nd7 24. Bh5 {Diagram #} Rh7 (24... Nf6 {
a tacit offer of a draw, might have been more prudent.}) 25. Bg4 Nf8 $6 (25...
a5 {intending ...b4, was certainly possible.}) 26. Qd2 Bd7 27. Rd1 Rd8 28. h3
f5 $4 {Suicide.} (28... Ng6 {
was normal and would have left White only slightly better.} 29. Bf2 Nf4 30. Bb6
Qxb6 31. Rxd7 Rb8) 29. exf5 exf5 30. Nd5 {The primary reason why 28...f5?? was
unplayable - White gets the use of the d5 square.} Qb7 31. Nxe7 fxg4 32. Bxe5
Rxe7 33. Bf6 Ne6 34. Bxe7 Kxe7 35. Qb4+ 1-0

[Event "Mechanics' Mar TNM; 30/90, SD/30"]
[Site "San Francisco"]
[Date "2012.09.11"]
[Round "7.2"]
[White "Fuentes, Romulo"]
[Black "Wong, Russell"]
[Result "1-0"]
[WhiteElo "2205"]
[BlackElo "2221"]
[Annotator "Donaldson"]
[PlyCount "39"]
[EventDate "2012.??.??"]

1. d4 Nf6 2. Nf3 g6 3. Nc3 Bg7 4. e4 d6 5. Be2 O-O 6. O-O e5 7. dxe5 dxe5 8.
Bg5 Nbd7 9. Qd2 c6 10. Rad1 Qc7 11. Qd6 Qxd6 12. Rxd6 Nh5 13. Rfd1 Nb6 14. a4
Be6 15. b3 h6 16. Be3 Nf4 17. a5 Nc8 18. R6d2 Nxe2+ 19. Rxe2 b5 20. Bc5 {
Both scoresheets are unreadable at this point. White has a clear positional
advantage and went on to win.} 1-0

[Event "Mechanics' Spring TNM; 30/90, SD/30"]
[Site "San Francisco"]
[Date "2012.03.27"]
[Round "3.30"]
[White "Furukawa, Jon"]
[Black "Cole, Tony"]
[Result "1-0"]
[WhiteElo "1275"]
[BlackElo "1484"]
[PlyCount "99"]
[EventDate "2012.??.??"]

1. e4 e5 2. Nf3 Nc6 3. Bc4 Nf6 4. Nc3 h6 5. O-O Bc5 6. h3 d6 7. Re1 g5 8. Nh2
Nd4 9. d3 Qe7 10. Nd5 Nxd5 11. Bxd5 c6 12. Bc4 Be6 13. Ng4 h5 14. Bxe6 Qxe6 15.
Ne3 O-O-O 16. c3 Nb5 17. Nf5 Rdg8 18. d4 exd4 19. cxd4 Bb6 20. Be3 d5 21. a4
Nd6 22. Nxd6+ Qxd6 23. exd5 Qxd5 24. Rc1 f5 25. b4 a6 26. b5 axb5 27. axb5 f4
28. bxc6 bxc6 29. Qa4 fxe3 30. Rxc6+ Kb7 31. Rxb6+ Kxb6 32. fxe3 Qb5 33. Qa2
Ra8 34. Qe6+ Kb7 35. Rf1 Rac8 36. Rf7+ Rc7 37. Qe4+ Qc6 38. Rxc7+ Kxc7 39. Qe5+
Kb7 40. Qxh8 h4 41. Qe5 Qc1+ 42. Kh2 Qc7 43. Qxc7+ Kxc7 44. g3 Kd6 45. gxh4
gxh4 46. Kg2 Kd5 47. Kf3 Ke6 48. Kg4 Kf6 49. Kxh4 Ke6 50. e4 {
W promoted the h-pawn} 1-0

[Event "Mechanics' Spring TNM; 30/90, SD/30"]
[Site "San Francisco"]
[Date "2012.04.10"]
[Round "5.18"]
[White "Furukawa, Jon"]
[Black "Royzen, Igor"]
[Result "0-1"]
[WhiteElo "1275"]
[BlackElo "1849"]
[PlyCount "76"]
[EventDate "2012.??.??"]

1. e4 c5 2. d4 cxd4 3. c3 Nf6 4. e5 Nd5 5. Bc4 Nb6 6. Bb3 Nc6 7. Nf3 d5 8. cxd4
Bf5 9. Nc3 e6 10. O-O Be7 11. h3 O-O 12. a3 Na5 13. Be3 Nbc4 14. Bxc4 Nxc4 15.
Qe2 Rc8 16. Rac1 Qa5 17. Bg5 Bxg5 18. Nxg5 Qb6 19. Rfd1 Nxb2 20. Nb5 Nxd1 21.
Rxd1 Rc2 22. Qf1 h6 23. Nf3 Rfc8 24. Nd6 R8c3 25. Nxf5 exf5 26. e6 fxe6 27. Ne5
Qb2 28. Rb1 Qxb1 29. Qxb1 Rc1+ 30. Qxc1 Rxc1+ 31. Kh2 Ra1 32. Nd3 b6 33. g4 g6
34. Nf4 Kf7 35. h4 Rxa3 36. Kg2 Rc3 37. f3 a5 38. Kf2 a4 0-1

[Event "Mechanics' Spring TNM; 30/90, SD/30"]
[Site "San Francisco"]
[Date "2012.03.13"]
[Round "1.24"]
[White "Furukawa, Jon"]
[Black "de Lenea, Digne"]
[Result "0-1"]
[WhiteElo "1275"]
[BlackElo "1873"]
[PlyCount "74"]
[EventDate "2012.??.??"]

1. e4 c5 2. d4 cxd4 3. c3 dxc3 4. Nxc3 Nc6 5. Nf3 e6 6. Bc4 a6 7. O-O b5 8. Bb3
Qc7 9. e5 d5 10. exd6 Bxd6 11. Ne4 Be7 12. Qe2 Nf6 13. Rd1 O-O 14. Bg5 Nd5 15.
Rac1 f6 16. Nd4 Nxd4 17. Rxd4 Qe5 18. Rxd5 exd5 19. Nxf6+ Bxf6 20. Qxe5 Bxe5
21. Bxd5+ Kh8 22. Bxa8 Bxb2 23. Re1 Bd4 24. Be3 Re8 25. Bc6 Re6 26. Bd5 Re5 27.
Rc1 Bf5 28. Re1 Bc3 29. Rd1 Bc2 30. Rc1 Rxd5 31. h3 Rd1+ 32. Rxd1 Bxd1 33. Bc5
b4 34. Kf1 a5 35. Bb6 a4 36. Ba5 a3 37. f4 Bb3 0-1

[Event "Mechanics' Mar TNM; 30/90, SD/30"]
[Site "San Francisco"]
[Date "2012.08.21"]
[Round "4.4"]
[White "Gaffagan, Steven"]
[Black "Goins, Demetrius"]
[Result "1/2-1/2"]
[WhiteElo "2062"]
[BlackElo "2129"]
[PlyCount "37"]
[EventDate "2012.??.??"]

1. e4 c5 2. Nf3 d6 3. d4 cxd4 4. Nxd4 Nf6 5. Nc3 a6 6. Be3 e5 7. Nf3 Be7 8. Bc4
O-O 9. h3 Be6 10. Bb3 Nc6 11. O-O Na5 12. Qe2 Rc8 13. Nd2 d5 14. Nxd5 Nxd5 15.
exd5 Nxb3 16. axb3 Bxd5 17. c4 Bc6 18. Rfd1 Qc7 19. Nf3 1/2-1/2

[Event "Mechanics' Summer TNM; 30/90, SD/30"]
[Site "San Francisco"]
[Date "2012.07.03"]
[Round "7.2"]
[White "Gaffagan, Steven"]
[Black "Lacounte, Brendan"]
[Result "0-1"]
[WhiteElo "2047"]
[BlackElo "1772"]
[Annotator "Donaldson"]
[PlyCount "96"]
[EventDate "2012.??.??"]

1. c4 e6 2. Nc3 d5 3. d4 Nf6 4. cxd5 exd5 5. Bg5 c6 6. Qc2 Be7 7. e3 Be6 8. Bd3
Nbd7 9. Nge2 h6 10. Bh4 g5 11. Bg3 c5 12. h4 Nh5 13. hxg5 Nxg3 14. Nxg3 cxd4
15. exd4 Bxg5 16. Bf5 Qf6 17. Nh5 Qxd4 18. O-O Bxf5 19. Qxf5 O-O-O 20. Nxd5 Qe5
21. Qf3 Kb8 22. Rfe1 Qd6 23. Rad1 Ne5 24. Qg3 Nc4 25. Nhf4 Bxf4 26. Nxf4 Qc7
27. b3 Nd6 28. Nd5 Qc6 29. Ne7 Qc7 30. Nd5 Qc6 31. Nf6 Ka8 32. Rc1 Qb6 33. Nd5
Qa5 34. Nc7+ $2 (34. Red1 Kb8 35. a4 Rhg8 36. Qf4 {was winning}) 34... Kb8 35.
Red1 Qg5 36. Qh2 Rhg8 37. Rc3 Qg4 38. Rdc1 a6 39. Nd5 Qg5 40. Ne3 Ka8 41. Rc5
Qg6 42. Nd5 Qe4 43. Nc7+ Ka7 44. a4 $2 Nf5 45. R5c4 Qe2 46. Rf1 Rd1 47. Rc1 Ne3
(47... Qxf1# {- Time pressure!}) 48. g3 {Time Pressure!!} (48. Rcxd1 Rxg2+ 49.
Qxg2 Nxg2 50. Kxg2 Qg4+ $11) 48... Qxf1# 0-1

[Event "Mechanics' Summer TNM; 30/90, SD/30"]
[Site "San Francisco"]
[Date "2012.06.26"]
[Round "6.2"]
[White "Gaffagan, Steven"]
[Black "Lee, Andy"]
[Result "1-0"]
[WhiteElo "2047"]
[BlackElo "2305"]
[PlyCount "71"]
[EventDate "2012.??.??"]

1. Nf3 Nf6 2. c4 c6 3. d4 d5 4. Nc3 dxc4 5. a4 Na6 6. e4 Bg4 7. Bxc4 e6 8. Be3
Nb4 9. Rc1 Be7 10. O-O O-O 11. Be2 Qa5 12. Ne5 Bxe2 13. Qxe2 Qa6 14. Qf3 Rad8
15. Rfd1 Nd7 16. Bf4 f6 17. Nxd7 Rxd7 18. Qh3 f5 19. Be5 Bd6 20. f4 Bxe5 21.
fxe5 Kh8 22. exf5 exf5 23. Ne4 Qe2 24. Nd6 Nd5 25. Rf1 Qxb2 26. Rcd1 g6 27. Qh6
Rfd8 28. Rf3 Nc3 29. Rdf1 Ne2+ 30. Kh1 Nxd4 31. Qh4 Rf8 32. Rg3 Qe2 33. Rb1
Qxe5 34. Rxg6 b6 35. Re1 Qc5 36. Qf6+ 1-0

[Event "Mechanics' Winter TNM; 30/90, SD/30"]
[Site "San Francisco"]
[Date "2012.01.17"]
[Round "3.21"]
[White "Gaffagan, Steven"]
[Black "Lkhagvatsoght, Noel"]
[Result "1-0"]
[WhiteElo "2054"]
[BlackElo "662"]
[PlyCount "87"]
[EventDate "2012.??.??"]

1. e4 c5 2. b4 cxb4 3. d4 e6 4. Bd3 Nc6 5. Nf3 d6 6. O-O Nf6 7. a3 Qb6 8. Re1
Nxd4 $2 9. Nxd4 Qxd4 $4 10. Bb5+ Bd7 11. Bxd7+ Nxd7 12. Qxd4 Be7 13. axb4 Bf6
14. Rxa7 O-O 15. Rxa8 Bxd4 16. Rxf8+ Kxf8 17. Rd1 Be5 18. f4 Bf6 19. Rxd6 Ke8
20. c3 e5 21. g3 Ke7 22. Rd1 g6 23. Kf1 Nb6 24. Ke2 Na4 25. Kd3 exf4 26. gxf4
Nb6 27. Be3 Nd7 28. Nd2 Bg7 29. Ra1 f5 30. e5 h5 31. Nf3 Kf7 32. Ra7 Ke8 33.
Rxb7 Bh8 34. Bd4 Kd8 35. Rxd7+ Kxd7 36. e6+ Kxe6 37. Bxh8 Kd6 38. Kd4 Kc6 39.
c4 Kd6 40. b5 Kc7 41. Kc5 Kb7 42. Be5 Ka7 43. Kc6 Ka8 44. Kc7 1-0

[Event "Mechanics' Spring TNM; 30/90, SD/30"]
[Site "San Francisco"]
[Date "2012.03.20"]
[Round "2.12"]
[White "Gaffagan, Steven"]
[Black "Marshall, Johnathan"]
[Result "1-0"]
[WhiteElo "2024"]
[BlackElo "1679"]
[PlyCount "51"]
[EventDate "2012.??.??"]

1. e4 c5 2. Nf3 d6 3. c3 Nf6 4. Be2 Bd7 5. d3 g6 6. O-O Bg7 7. e5 dxe5 8. Nxe5
Nc6 9. Nxd7 Qxd7 10. Nd2 O-O 11. Nf3 b5 12. d4 c4 13. Bg5 Rac8 14. h3 h6 15.
Bf4 Qf5 16. Bh2 h5 17. a4 b4 18. Bxc4 bxc3 19. bxc3 Na5 20. Bd3 Qd5 21. Rb1
Rxc3 22. Rb5 Qd8 23. Qd2 Rxd3 24. Qxd3 Nd7 25. Qc3 e5 26. dxe5 1-0

[Event "Mechanics' Fall TNM; 30/90, SD/30"]
[Site "San Francisco"]
[Date "2012.10.16"]
[Round "1.9"]
[White "Gaffagan, Steven"]
[Black "Matchen, George"]
[Result "1/2-1/2"]
[WhiteElo "2070"]
[BlackElo "1584"]
[PlyCount "86"]
[EventDate "2012.??.??"]

1. e4 e5 2. Nf3 Nf6 3. Nxe5 d6 4. Nf3 Nxe4 5. Nc3 Nxc3 6. dxc3 d5 7. Bf4 Bd6 8.
Qd2 O-O 9. O-O-O Be6 10. Bd3 c5 11. Ng5 h6 12. h4 Re8 13. Nxe6 fxe6 14. Bxd6
Qxd6 15. f4 Nc6 16. Bg6 Rf8 17. g3 Ne7 18. Be4 Qc6 19. Bg2 Qa4 20. Kb1 Rad8 21.
Bh3 Rd6 22. Rhe1 Nf5 23. b3 Qc6 24. g4 Nxh4 25. Qf2 g5 26. f5 Ng6 27. Qh2 Nf4
28. Re5 Rf6 29. Bf1 Kg7 30. Qd2 b5 31. Rde1 a6 32. Bd3 c4 33. Bf1 Qb6 34. Rd1
Qc5 35. Ka1 Kf7 36. Rb1 Kg7 37. Qd1 Qc7 38. Qd4 Kf7 39. bxc4 bxc4 40. Bxc4 exf5
41. Bxd5+ Nxd5 42. Rxd5 Rxd5 43. Qxd5+ Kg6 1/2-1/2

[Event "Mechanics' Fall TNM; 30/90, SD/30"]
[Site "San Francisco"]
[Date "2012.10.30"]
[Round "3.9"]
[White "Gaffagan, Steven"]
[Black "Melville, Cailen"]
[Result "0-1"]
[WhiteElo "2070"]
[BlackElo "1806"]
[PlyCount "82"]
[EventDate "2012.??.??"]

1. d4 e6 2. e4 d5 3. Nc3 Bb4 4. e5 c5 5. a3 cxd4 6. axb4 dxc3 7. bxc3 Qc7 8.
Nf3 Ne7 9. Qd4 Nbc6 10. Qc5 b6 11. Qd6 Qxd6 12. exd6 Ng6 13. b5 Nd8 14. h4 f6
15. Be3 Bb7 16. Nd4 Ne5 17. Ra4 Nef7 18. d7+ Kxd7 19. Be2 g6 20. O-O Nd6 21.
Rfa1 e5 22. Nc6 Bxc6 23. bxc6+ Kxc6 24. Rxa7 Rxa7 25. Rxa7 N8b7 26. f3 Rc8 27.
g4 Rc7 28. Ra8 Rc8 29. Ra6 Nc5 30. Bxc5 Kxc5 31. Ra7 Nb5 32. Rxh7 Nxc3 33. Bf1
Rg8 34. Kf2 f5 35. gxf5 gxf5 36. h5 Kd4 37. h6 e4 38. Rg7 e3+ 39. Kg3 Rh8 40.
Re7 Rxh6 41. Kf4 Rh2 0-1

[Event "Mechanics' Fall TNM; 30/90, SD/30"]
[Site "San Francisco"]
[Date "2012.12.04"]
[Round "8.7"]
[White "Gaffagan, Steven"]
[Black "Morton, Adam"]
[Result "1-0"]
[WhiteElo "2070"]
[BlackElo "1894"]
[PlyCount "81"]
[EventDate "2012.??.??"]

1. e4 e5 2. Nf3 Nc6 3. Bb5 a6 4. Ba4 Nf6 5. d3 d6 6. c3 g6 7. Bxc6+ bxc6 8. O-O
Bg7 9. Na3 O-O 10. Nc4 h6 11. b4 Nd7 12. Na5 c5 13. a4 f5 14. Ba3 Kh7 15. Qc2
cxb4 16. cxb4 c5 17. exf5 Rxf5 18. Qe2 d5 19. Rac1 Qb6 20. Bb2 Qxb4 21. Nc6
Qxa4 22. Ncxe5 d4 23. Nxg6 Bb7 24. Ngh4 Rff8 25. Qe6 Rf6 26. Qg4 Bxf3 27. Nxf3
Qc6 28. Nxd4 Qb7 29. Nf3 $4 Rg6 30. Qh4 Qxb2 $4 (30... Qxf3) 31. Ng5+ Kh8 $2 (
31... Rxg5 32. Qe4+ Rg6 33. Qxa8 Qd4 $15) 32. Qe4 Rxg5 33. Qxa8+ Qb8 34. Qxa6
Ne5 35. f4 Rg6 36. Rb1 Qxb1 $4 37. Qc8+ Kh7 38. Rxb1 Nxd3 39. f5 Bd4+ 40. Kf1
Rg7 41. Rb7 1-0

[Event "Mechanics' Mar TNM; 30/90, SD/30"]
[Site "San Francisco"]
[Date "2012.09.11"]
[Round "7.5"]
[White "Gaffagan, Steven"]
[Black "Morton, Adam"]
[Result "1/2-1/2"]
[WhiteElo "2062"]
[BlackElo "1891"]
[PlyCount "107"]
[EventDate "2012.??.??"]

1. e4 e5 2. Nf3 Nc6 3. Bb5 a6 4. Ba4 Nf6 5. d3 d6 6. c3 Be7 7. Nbd2 O-O 8. O-O
Bg4 9. Re1 Nd7 10. h3 Bh5 11. Nf1 Nc5 12. Bc2 Ne6 13. Ng3 Bg6 14. d4 Ng5 15.
Nh2 d5 16. dxe5 Nxe4 17. Nxe4 dxe4 18. Bf4 Qxd1 19. Raxd1 e3 20. Bb3 exf2+ 21.
Kxf2 Bf5 22. Nf3 Rad8 23. Rxd8 Nxd8 24. Nd4 Be6 25. Nxe6 Nxe6 26. Be3 Rd8 27.
Ke2 Bh4 28. Rf1 Bg3 29. Bd4 b6 30. Rf3 Bh4 31. g3 Be7 32. Rd3 c5 33. Be3 Rxd3
34. Kxd3 Kf8 35. h4 h5 36. Bd1 g6 37. Bf3 Ke8 38. Bb7 Nc7 39. Ke4 Kd7 40. Bf4
b5 41. e6+ Nxe6 42. Bxa6 Kc6 43. Bc8 Nxf4 44. Kxf4 Bd6+ 45. Kf3 Be5 46. Ba6 Kb6
47. Bc8 Kc6 48. g4 hxg4+ 49. Kxg4 Kc7 50. Ba6 Kb6 51. Bc8 Kc7 52. Ba6 Kb6 53.
Bc8 Kc7 54. Ba6 1/2-1/2

[Event "Mechanics' Spring TNM; 30/90, SD/30"]
[Site "San Francisco"]
[Date "2012.05.01"]
[Round "8.6"]
[White "Gaffagan, Steven"]
[Black "Morton, Adam"]
[Result "1-0"]
[WhiteElo "2024"]
[BlackElo "1849"]
[PlyCount "57"]
[EventDate "2012.??.??"]

1. e4 e5 2. Nf3 Nc6 3. Bb5 a6 4. Ba4 Nf6 5. O-O Nxe4 6. d4 b5 7. Bb3 d5 8. dxe5
Be6 9. Be3 Bc5 10. Bxc5 Nxc5 11. Nbd2 O-O 12. c3 Nxb3 13. axb3 f6 14. Re1 fxe5
15. Nxe5 Nxe5 16. Rxe5 Qf6 17. Nf3 c6 18. Qd4 Bh3 19. Ng5 Bf5 20. Nf3 Be4 21.
Nd2 Rad8 22. b4 c5 23. bxc5 b4 24. f3 bxc3 25. bxc3 Bf5 26. Rae1 Be4 27. fxe4
dxe4 28. Nxe4 Qf4 29. Nd6 1-0

[Event "Mechanics' Winter TNM; 30/90, SD/30"]
[Site "San Francisco"]
[Date "2012.01.31"]
[Round "5.8"]
[White "Gaffagan, Steven"]
[Black "Ochoa, Jason"]
[Result "0-1"]
[WhiteElo "2054"]
[BlackElo "1906"]
[PlyCount "102"]
[EventDate "2012.??.??"]

1. e4 c5 2. Nf3 g6 3. c3 Bg7 4. d4 Qc7 5. Bd3 Nc6 6. dxc5 Ne5 7. Nxe5 Qxe5 8.
Be3 Nf6 9. O-O O-O 10. Nd2 d5 11. cxd6 Qxd6 12. Nf3 Rd8 13. Bc2 Qc7 14. Qe2 Bg4
15. h3 Be6 16. Nd2 b5 17. Bb3 Bxb3 18. axb3 b4 19. Rfc1 Qb7 20. Qa6 Qd7 21. Ra4
bxc3 22. bxc3 Ne8 23. Qe2 Nd6 24. c4 Qc6 25. c5 Nb5 26. Rac4 Na3 27. Ra4 Bb2
28. Nf3 Bxc1 29. Bxc1 Nb5 30. Rc4 Qd7 31. Be3 Qd1+ 32. Qxd1 Rxd1+ 33. Kh2 Rc8
34. Rb4 a6 35. Ne5 f6 36. Nc4 Ra1 37. Nb6 Rc6 38. Rc4 Kf7 39. h4 Ra3 40. Rb4
Ra2 41. Nc4 Kg7 42. g4 Re6 43. Nd2 h6 44. Kg3 Nc3 45. g5 hxg5 46. hxg5 Rxd2 47.
Bxd2 Nxe4+ 48. Kg2 Nxd2 49. Rb6 Kf7 50. c6 Re5 51. gxf6 Rc5 0-1

[Event "Mechanics' Summer TNM; 30/90, SD/30"]
[Site "San Francisco"]
[Date "2012.05.29"]
[Round "2.5"]
[White "Gaffagan, Steven"]
[Black "Persidsky, Andre"]
[Result "1-0"]
[WhiteElo "2047"]
[BlackElo "1861"]
[PlyCount "47"]
[EventDate "2012.??.??"]

1. e4 c5 2. Nf3 d6 3. d4 cxd4 4. Nxd4 Nf6 5. Nc3 a6 6. Be3 Nc6 7. Bc4 e6 8. Bb3
Be7 9. Qe2 Qc7 10. O-O-O O-O 11. g4 b5 12. g5 Nd7 13. Rhg1 Bb7 14. Rg3 Nc5 15.
Rh3 Nxb3+ 16. axb3 g6 17. Qg4 Kg7 18. Qxe6 Bc8 19. Nd5 Qb7 20. Nf5+ Kh8 21. Nf6
h5 22. Nxh5 Kg8 23. Nf6+ Bxf6 24. Qxf6 1-0

[Event "Mechanics' Spring TNM; 30/90, SD/30"]
[Site "San Francisco"]
[Date "2012.04.10"]
[Round "5.2"]
[White "Gaffagan, Steven"]
[Black "Rumph, Todd"]
[Result "1/2-1/2"]
[WhiteElo "2024"]
[BlackElo "2183"]
[PlyCount "30"]
[EventDate "2012.??.??"]

1. e4 e5 2. Nf3 Nc6 3. Bb5 a6 4. Ba4 d6 5. c3 f5 6. exf5 Bxf5 7. d4 e4 8. Qe2
Be7 9. Nfd2 d5 10. Nf1 Nf6 11. Bg5 O-O 12. Ne3 Be6 13. Nd2 b5 14. Bb3 Qd7 15.
O-O Na5 1/2-1/2

[Event "Mechanics' Mar TNM; 30/90, SD/30"]
[Site "San Francisco"]
[Date "2012.07.31"]
[Round "1.5"]
[White "Gaffagan, Steven"]
[Black "Russell, Ryan"]
[Result "1-0"]
[WhiteElo "2062"]
[BlackElo "1731"]
[Annotator "Donaldson"]
[PlyCount "43"]
[EventDate "2012.??.??"]

1. e4 e5 2. Nf3 Nc6 3. d4 exd4 4. c3 dxc3 5. Nxc3 Bb4 6. Bc4 Bxc3+ 7. bxc3 d6
8. O-O Be6 9. Bxe6 fxe6 10. Qb3 {Diagram #} Qc8 (10... Qd7 11. Qxb7 Rb8 12. Qa6
Nge7 {is a safer way to play for Black. The text hangs on to the extra pawn
but Black has trouble completing his development.}) 11. Ng5 Nd8 12. f4 Nf6 (
12... h6 13. Nh3 {has done well for White.}) 13. e5 $1 {Diagram #} dxe5 $2 (
13... Ng4 14. Qd1 Nh6 15. Qh5+ Kf8 16. Ba3 Ndf7 {
is relatively better try for Black but still in White's favor.}) 14. fxe5 Nd5
15. c4 h6 16. Qh3 $1 Nb6 17. Qh5+ Kd7 18. Rd1+ Kc6 19. Qf3+ Kc5 {Diagram #} 20.
Be3+ Kb4 21. Rab1+ Ka4 22. Bxb6 1-0

[Event "Mechanics' Fall TNM; 30/90, SD/30"]
[Site "San Francisco"]
[Date "2012.11.20"]
[Round "6.8"]
[White "Gaffagan, Steven"]
[Black "Sherwood, Peter"]
[Result "0-1"]
[WhiteElo "2070"]
[BlackElo "1780"]
[PlyCount "80"]
[EventDate "2012.??.??"]

1. e4 c5 2. Nf3 d6 3. d4 cxd4 4. Nxd4 Nf6 5. Nc3 a6 6. Bc4 e6 7. Bb3 Be7 8. O-O
O-O 9. f4 Nc6 10. Be3 e5 11. Nf5 Bxf5 12. exf5 Na5 13. Qf3 Nxb3 14. cxb3 Qc7
15. Rac1 Qc6 16. Nd5 Qxd5 17. Qe2 Rac8 18. Rcd1 Qe4 19. fxe5 dxe5 20. Rd3 Rfd8
21. Rfd1 Rxd3 22. Qxd3 Qxd3 23. Rxd3 h6 24. h3 Kf8 25. g4 Ke8 26. Kg2 Ne4 27.
Rd5 f6 28. Kf3 Ng5+ 29. Kg3 Rd8 30. Ra5 Rd3 31. Kf2 Nxh3+ 32. Ke2 Rd7 33. a3
Nf4+ 34. Kf3 Nd3 35. Ke4 Nxb2 36. Bb6 Bd8 37. Bxd8 Kxd8 38. Rc5 Rd4+ 39. Kf3
Nd3 40. Rc3 Nf4 0-1

[Event "Mechanics' Winter TNM; 30/90, SD/30"]
[Site "San Francisco"]
[Date "2012.02.14"]
[Round "7.9"]
[White "Gaffagan, Steven"]
[Black "Shnaiderrman, Lazar"]
[Result "1-0"]
[WhiteElo "2054"]
[BlackElo "1873"]
[Annotator "Donaldson"]
[PlyCount "61"]
[EventDate "2012.??.??"]

1. c4 Nf6 2. Nc3 e6 3. d4 Bb4 4. Nf3 c5 5. g3 b6 6. Bg2 Bb7 7. d5 exd5 8. Nh4
O-O 9. O-O Bxc3 10. bxc3 d6 11. cxd5 Re8 12. c4 Nbd7 13. Bb2 Ne5 14. Rc1 Ba6
15. Qa4 Qc8 16. Nf5 Qxf5 17. Qxa6 Qd7 18. h3 Qe7 19. Rce1 Ned7 20. e4 Nb8 21.
Qa3 Nfd7 22. f4 f6 23. Kh2 (23. e5 $1) 23... a5 24. e5 $1 fxe5 25. fxe5 Na6 26.
exd6 Qxd6 27. Re6 Qb8 28. Qc3 Nf6 29. Rfxf6 gxf6 30. Qxf6 Ra7 31. Qh8+ 1-0

[Event "Mechanics' Spring TNM; 30/90, SD/30"]
[Site "San Francisco"]
[Date "2012.04.24"]
[Round "7.9"]
[White "Gaffagan, Steven"]
[Black "Solomonik, Edgar"]
[Result "1/2-1/2"]
[WhiteElo "2024"]
[BlackElo "1562"]
[PlyCount "70"]
[EventDate "2012.??.??"]

1. e4 c6 2. d4 d5 3. e5 Bf5 4. Nd2 e6 5. Ngf3 Nd7 6. Be2 c5 7. O-O Ne7 8. Nb3
Nc6 9. c3 Be7 10. Re1 O-O 11. h3 h6 12. Bf1 Rb8 13. dxc5 Nxc5 14. Nxc5 Bxc5 15.
Be3 Qe7 16. Qa4 Be4 17. Nd2 Bh7 18. Bxc5 Qxc5 19. Nb3 Qe7 20. Rad1 a6 21. Nd4
Rfc8 22. Bd3 Qh4 23. Bxh7+ Kxh7 24. Qc2+ Kg8 25. Nxc6 Rxc6 26. Qe2 Rc4 27. Rd3
Rbc8 28. Re3 b5 29. a3 a5 30. b3 Rxc3 31. Rxc3 Rxc3 32. Qxb5 a4 33. bxa4 Qf4
34. Qb8+ Kh7 35. Qb1+ Kg8 1/2-1/2

[Event "Mechanics' Fall TNM; 30/90, SD/30"]
[Site "San Francisco"]
[Date "2012.12.11"]
[Round "9.5"]
[White "Gaffagan, Steven"]
[Black "Todortsev, Victor"]
[Result "1-0"]
[WhiteElo "2070"]
[BlackElo "1940"]
[PlyCount "73"]
[EventDate "2012.??.??"]

1. e4 c5 2. Nf3 d6 3. d4 cxd4 4. Nxd4 Nf6 5. Nc3 g6 6. Bg5 Bg7 7. Be2 Nc6 8.
Nb3 a5 9. a4 Nb4 10. O-O O-O 11. Nd4 Bd7 12. Qd2 Rc8 13. Be3 Ng4 14. Bxg4 Bxg4
15. f3 Be6 16. Rfd1 Bc4 17. Rac1 Qd7 18. b3 Ba6 19. Nd5 Nxd5 20. exd5 Qc7 21.
c4 b6 22. Qf2 Bxd4 23. Bxd4 Rb8 24. Re1 Bc8 25. Qh4 f6 26. Rc3 Rf7 27. Rce3 Bf5
28. R1e2 Rbf8 29. Qe1 Re8 30. g4 Bc8 31. h3 f5 32. Qh4 Qd8 33. Re6 Bxe6 34.
dxe6 Rf6 35. g5 h5 36. gxf6 exf6 37. e7 1-0

[Event "Mechanics' Spring TNM; 30/90, SD/30"]
[Site "San Francisco"]
[Date "2012.03.20"]
[Round "2.18"]
[White "Ganesh, Vikram"]
[Black "Cheng, Andrew"]
[Result "1-0"]
[WhiteElo "1831"]
[BlackElo "1373"]
[PlyCount "55"]
[EventDate "2012.??.??"]

1. e4 c5 2. Nc3 Nc6 3. f4 g6 4. Nf3 Bg7 5. Bb5 a6 6. Bxc6 bxc6 7. d3 d6 8. O-O
Bg4 9. h3 Bxf3 10. Qxf3 e6 11. f5 exf5 12. exf5 f6 13. Qxc6+ Kf8 14. Bf4 Ra7
15. Bxd6+ Kf7 16. fxg6+ hxg6 17. Qd5+ Ke8 18. Qe6+ Re7 19. Bxe7 Qxe7 20. Qxe7+
Kxe7 21. Rae1+ Kd7 22. Re2 f5 23. Rfe1 Bf6 24. Re6 Ne7 25. Rxf6 Ra8 26. Rf7 Re8
27. Nd5 Kd8 28. Nf6 1-0